[Event "16th Corsica Masters"]
[Site "Bastia FRA"]
[Date "2012.10.27"]
[Round "1"]
[White "Brkic, Ante"]
[Black "Bedini, Noel"]
[Result "1-0"]
[WhiteTitle "GM"]
[WhiteElo "2575"]
[BlackElo "1620"]
[WhiteFideId "14506688"]
[BlackFideId "20648227"]
[EventDate "2012.10.27"]

1. e4 e5 2. Nf3 Nc6 3. Bc4 Be7 4. O-O Nf6 5. d3 d6 6. a4 Bg4 7. c3 O-O 8. a5 a6
9. h3 Bh5 10. Nbd2 d5 11. exd5 Nxd5 12. Ne4 Nf6 13. Ng3 Bg6 14. Re1 e4 15. Nh4
exd3 16. Nxg6 hxg6 17. Qxd3 Qxd3 18. Bxd3 Bd6 19. Ne4 Rfe8 20. Bd2 Rad8 21.
Nxf6+ gxf6 22. Rxe8+ Rxe8 23. Kf1 Ne5 24. Be2 Nd7 25. b4 Ne5 26. f4 Nd7 27. Bf3
c5 28. Bxb7 cxb4 29. cxb4 Rb8 30. Bc6 Nf8 31. b5 axb5 32. a6 Bc5 33. a7 Bxa7 34.
Rxa7 b4 35. Rb7 Rc8 36. Bd5 Ne6 37. Bxe6 fxe6 38. Bxb4 Rc4 39. Bd2 Rd4 40. Ke2
Ra4 41. Be3 Ra2+ 42. Kf3 Ra3 43. Re7 Ra6 44. Bd4 Ra3+ 45. Kg4 Ra2 46. g3 f5+ 47.
Kg5 Rg2 48. Kf6 Rxg3 49. Re8+ Kh7 50. Kf7 1-0

[Event "16th Corsica Masters"]
[Site "Bastia FRA"]
[Date "2012.10.27"]
[Round "1"]
[White "Morison, Julien"]
[Black "Djuric, Stefan"]
[Result "0-1"]
[BlackTitle "GM"]
[WhiteElo "1606"]
[BlackElo "2445"]
[WhiteFideId "26037505"]
[BlackFideId "900133"]
[EventDate "2012.10.27"]

1. d4 Nf6 2. c4 g6 3. Nc3 Bg7 4. e4 O-O 5. Nf3 d6 6. Bf4 Bg4 7. h3 Bxf3 8. Qxf3
Nc6 9. d5 Nd4 10. Qd3 e5 11. dxe6 Nxe6 12. Be2 Nxf4 13. Qf3 Nxe2 14. Qxe2 Re8
15. O-O Nxe4 16. Nxe4 f5 17. f3 fxe4 18. fxe4 Qh4 19. Rae1 Re5 20. b4 Rae8 21.
Qf3 Qe7 22. Re2 Rf8 23. Qb3 Rxf1+ 24. Kxf1 Rxe4 25. c5+ Kh8 26. cxd6 Qf6+ 27.
Qf3 Qxf3+ 28. gxf3 Rxe2 29. Kxe2 cxd6 30. Kd3 d5 31. a4 Bf6 32. b5 b6 33. Ke3
Kg7 34. f4 Kf7 35. Kd3 Ke6 36. Ke3 Kf5 37. Kf3 d4 38. h4 Bxh4 39. Ke2 Ke4 40.
Kd2 d3 41. f5 gxf5 42. Kd1 Ke3 43. a5 bxa5 44. b6 axb6 45. Kc1 a4 46. Kd1 a3 0-1

[Event "16th Corsica Masters"]
[Site "Bastia FRA"]
[Date "2012.10.27"]
[Round "1"]
[White "Short, Nigel D"]
[Black "Leibenguth, Pablo"]
[Result "1-0"]
[WhiteTitle "GM"]
[WhiteElo "2707"]
[BlackElo "1638"]
[WhiteFideId "400025"]
[BlackFideId "26022370"]
[EventDate "2012.10.27"]

1. c4 e5 2. Nc3 Nf6 3. Nf3 Nc6 4. e3 d5 5. cxd5 Nxd5 6. Bb5 Nxc3 7. bxc3 e4 8.
Nd4 Bd7 9. Nxc6 Bxc6 10. Bxc6+ bxc6 11. Qa4 Qd5 12. Rb1 Bc5 13. c4 Qd6 14. O-O
O-O 15. Bb2 Rab8 16. Bc3 Rb6 17. Qc2 f5 18. Rbd1 Qd3 19. Qxd3 exd3 20. a4 f4 21.
Be5 fxe3 22. dxe3 Rb4 23. Rxd3 Rxa4 24. Rc3 Bd6 25. Bg3 Ra8 26. c5 Bxg3 27. hxg3
a5 28. Rd1 Ra2 29. Rcd3 Ra7 30. Rd7 Kf8 31. R1d4 Rc2 32. Rf4+ Ke8 33. Rff7 a4
34. Rfe7+ Kf8 35. Rxc7 Rxc7 36. Rxc7 Rxc5 37. Ra7 Rc4 38. f4 Rb4 39. Kf2 c5 40.
Kf3 c4 41. Ke4 c3+ 42. Kd3 Rb2 43. Kxc3 Rxg2 44. Rxa4 Rxg3 45. Kd4 h5 46. e4 h4
47. Ke5 h3 48. Ra8+ Ke7 49. Rh8 Ra3 50. Kf5 Kf7 51. Kg4 Ra4 52. e5 Ra3 53. Rxh3
Rxh3 54. Kxh3 Ke6 55. Kg4 g6 56. Kg5 Kf7 57. Kh6 1-0

[Event "16th Corsica Masters"]
[Site "Bastia FRA"]
[Date "2012.10.27"]
[Round "1"]
[White "Shchekachev, Andrei"]
[Black "Brunel, Axel"]
[Result "1-0"]
[WhiteTitle "GM"]
[WhiteElo "2519"]
[BlackElo "1610"]
[WhiteFideId "4107730"]
[BlackFideId "26025019"]
[EventDate "2012.10.27"]

1. Nf3 Nf6 2. c4 g6 3. Nc3 Bg7 4. e4 d6 5. d4 Nbd7 6. Be2 O-O 7. O-O e5 8. Qc2
c6 9. d5 cxd5 10. cxd5 Qc7 11. Bg5 a6 12. a4 Ne8 13. Be7 Nef6 14. Bxf8 Bxf8 15.
Nd2 Rb8 16. a5 b5 17. axb6 Qxb6 18. Nc4 Qc7 19. Na5 Qb6 20. Nc6 Qxb2 21. Rfc1
Qxc2 22. Rxc2 Ra8 23. f3 Nc5 24. Nd1 Nfd7 25. Ne3 Nb3 26. Rb1 Nbc5 27. Ra2 f6
28. g3 h5 29. Bf1 g5 30. Bh3 Kg7 31. Bf5 Kh6 32. Kg2 Kg7 33. Be6 Kg6 34. Nf5 Kh7
35. h4 gxh4 36. Nxh4 1-0

[Event "16th Corsica Masters"]
[Site "Bastia FRA"]
[Date "2012.10.27"]
[Round "1"]
[White "Biancarelli, Jean-Luc"]
[Black "Vaisser, Anatoly"]
[Result "0-1"]
[BlackTitle "GM"]
[WhiteElo "1612"]
[BlackElo "2540"]
[WhiteFideId "20646640"]
[BlackFideId "603252"]
[EventDate "2012.10.27"]

1. d4 Nf6 2. Nc3 d5 3. e4 e6 4. Bg5 dxe4 5. f3 e3 6. Bxe3 b6 7. Bd3 Bb7 8. Nge2
Be7 9. O-O Nbd7 10. Ne4 Nd5 11. Bd2 Nb4 12. Bf4 Nxd3 13. Qxd3 O-O 14. N2g3 c5
15. Be3 f5 16. dxc5 fxe4 17. fxe4 Nxc5 18. Qc4 Rxf1+ 19. Rxf1 Ba6 20. Qb3 Nxb3 0-1

[Event "16th Corsica Masters"]
[Site "Bastia FRA"]
[Date "2012.10.27"]
[Round "1"]
[White "Battaglini, Gabriel"]
[Black "Porsia, Pietro"]
[Result "1-0"]
[WhiteTitle "IM"]
[WhiteElo "2434"]
[BlackElo "1605"]
[WhiteFideId "621650"]
[BlackFideId "26024225"]
[EventDate "2012.10.27"]

1. d4 d5 2. c4 dxc4 3. e4 e5 4. Nf3 exd4 5. Bxc4 Bg4 6. O-O Nc6 7. Qb3 Qe7 8.
Qxb7 Rd8 9. Qxc6+ Qd7 10. Qxd7+ Rxd7 11. Ne5 Be6 12. Bxe6 fxe6 13. Nxd7 Kxd7 14.
Rd1 Bc5 15. b4 Bb6 16. a4 a6 17. Bb2 e5 18. Nd2 Nf6 19. Nc4 Ke6 20. Nxb6 cxb6
21. f3 Rd8 22. Rac1 Rd6 23. b5 a5 24. Ba3 Rd7 25. Rc6+ Kf7 26. Rxb6 d3 27. Rc6
Nh5 28. Rd6 Rb7 29. R6xd3 Nf4 30. Rd7+ Rxd7 31. Rxd7+ Kf6 32. b6 Ke6 33. Rd6+
Ke7 34. b7 Kf7 35. b8=Q Ng6 36. Qc7+ Ne7 37. Rb6 g5 38. Qxe7+ Kg8 39. Rb8# 1-0

[Event "16th Corsica Masters"]
[Site "Bastia FRA"]
[Date "2012.10.27"]
[Round "1"]
[White "Lardies-Ceccaldi, Amalia"]
[Black "Dimitrov, Radoslav"]
[Result "0-1"]
[BlackTitle "IM"]
[WhiteElo "1593"]
[BlackElo "2403"]
[WhiteFideId "26039710"]
[BlackFideId "2908549"]
[EventDate "2012.10.27"]

1. d4 Nc6 2. c4 e5 3. d5 Nce7 4. Nc3 Ng6 5. Nf3 Bc5 6. e4 Nf6 7. Be2 O-O 8. O-O
a6 9. h3 d6 10. a3 Ba7 11. Kh1 Nh5 12. Nxe5 Nxe5 13. Bxh5 Qh4 14. b3 Bxf2 15.
Ra2 Bxh3 16. Rfxf2 Bg4+ 0-1

[Event "16th Corsica Masters"]
[Site "Bastia FRA"]
[Date "2012.10.27"]
[Round "2"]
[White "Rossi, Pascal"]
[Black "Shchekachev, Andrei"]
[Result "0-1"]
[BlackTitle "GM"]
[WhiteElo "1820"]
[BlackElo "2519"]
[WhiteFideId "643246"]
[BlackFideId "4107730"]
[EventDate "2012.10.27"]

1. d4 Nf6 2. Nf3 g6 3. g3 c5 4. e3 b6 5. Bg2 Bb7 6. O-O Bg7 7. Nbd2 O-O 8. c3
Nc6 9. Re1 Rc8 10. a3 d5 11. dxc5 bxc5 12. Qa4 Qb6 13. Rb1 Rfd8 14. Qb3 e5 15.
Qxb6 axb6 16. b4 e4 17. Nh4 c4 18. Bh3 Ra8 19. Bb2 Ne5 20. Bf1 Bc6 21. Ng2 g5
22. Be2 Ba4 23. Rbc1 Nd3 24. Bxd3 exd3 25. f3 b5 26. e4 dxe4 27. fxe4 Re8 28. h3
Re6 29. Re3 Rae8 30. Rce1 Nd7 31. Bc1 Bxc3 32. Kf2 Bd4 0-1

[Event "16th Corsica Masters"]
[Site "Bastia FRA"]
[Date "2012.10.27"]
[Round "2"]
[White "Djuric, Stefan"]
[Black "Guyon, Pascal"]
[Result "1-0"]
[WhiteTitle "GM"]
[WhiteElo "2445"]
[BlackElo "1841"]
[WhiteFideId "900133"]
[BlackFideId "26015587"]
[EventDate "2012.10.27"]

1. e4 c5 2. Nf3 Nc6 3. c3 Nf6 4. e5 Nd5 5. Bc4 Nb6 6. Bb5 Qc7 7. d4 e6 8. O-O a6
9. Bxc6 Qxc6 10. Re1 Be7 11. Ng5 d6 12. Qh5 g6 13. Qh6 Bf8 14. Qh3 h6 15. Ne4
dxe5 16. Nf6+ Kd8 17. dxe5 Nd7 18. Qd3 Be7 19. Ng4 h5 20. Nh6 Rf8 21. Nd2 b6 22.
Nf3 Bb7 23. h4 Kc7 24. Bf4 Rad8 25. b4 Kc8 26. Qf1 f6 27. exf6 Bxf6 28. Rad1
Rde8 29. Rd6 Qb5 30. c4 Qa4 31. Qd3 Nb8 32. Rxb6 Bxf3 33. Rxb8# 1-0

[Event "16th Corsica Masters"]
[Site "Bastia FRA"]
[Date "2012.10.27"]
[Round "2"]
[White "Dimitrov, Radoslav"]
[Black "Casta, Jean-Philippe"]
[Result "1-0"]
[WhiteTitle "IM"]
[WhiteElo "2403"]
[BlackElo "1800"]
[WhiteFideId "2908549"]
[BlackFideId "26075482"]
[EventDate "2012.10.27"]

1. c4 e5 2. Nc3 Nf6 3. Nf3 d6 4. g3 g6 5. Bg2 Bg7 6. O-O O-O 7. Rb1 Be6 8. Ng5
c6 9. Nxe6 fxe6 10. b4 Nbd7 11. b5 d5 12. Ba3 Re8 13. bxc6 bxc6 14. cxd5 exd5
15. Qa4 Qc7 16. Rfc1 Nb6 17. Qa5 Qd7 18. d3 e4 19. Na4 exd3 20. exd3 Nxa4 21.
Qxa4 Rac8 22. Bc5 Ng4 23. Qxa7 Qxa7 24. Bxa7 Ra8 25. Bb6 Rxa2 26. Rxc6 Ra6 27.
Bxd5+ Kh8 28. d4 Rb8 29. Bc4 Ra4 30. Bb5 Ra2 31. d5 Rd2 32. Rbc1 h5 33. Rc8+
Rxc8 34. Rxc8+ Kh7 35. Bc6 Rb2 36. Ba7 Ra2 37. Rc7 Kh6 38. h3 Ne5 39. Be3+ Kh7
40. Rxg7+ Kxg7 41. Bd4 Kf6 42. f4 Rc2 43. fxe5+ Ke7 44. Be3 Rc3 45. Bg5+ Kf8 46.
Kg2 Rc2+ 47. Kf3 Rc3+ 48. Ke4 Rxg3 49. Bf6 Rxh3 50. e6 1-0

[Event "16th Corsica Masters"]
[Site "Bastia FRA"]
[Date "2012.10.27"]
[Round "2"]
[White "Vaisser, Anatoly"]
[Black "Auque, Bernard"]
[Result "1-0"]
[WhiteTitle "GM"]
[WhiteElo "2540"]
[BlackElo "1853"]
[WhiteFideId "603252"]
[BlackFideId "630489"]
[EventDate "2012.10.27"]

1. d4 Nf6 2. c4 g6 3. Nc3 d5 4. cxd5 Nxd5 5. e4 Nxc3 6. bxc3 Bg7 7. Bb5+ Bd7 8.
Be2 c5 9. Nf3 O-O 10. Be3 cxd4 11. cxd4 Nc6 12. Rb1 b6 13. d5 Na5 14. h4 Bg4 15.
h5 Bc3+ 16. Kf1 Qd6 17. hxg6 fxg6 18. Ng5 Bxe2+ 19. Qxe2 h5 20. g4 Bf6 21. Ne6
Rf7 22. gxh5 Rh7 23. Qg4 g5 24. Bxg5 Kh8 25. Rg1 Qe5 26. Rc1 Nb7 27. Bxf6+ Qxf6
28. Nf4 Rf7 29. Rc8+ Rxc8 30. Qxc8+ Kh7 31. Qg8+ Kh6 32. Rg6+ 1-0

[Event "16th Corsica Masters"]
[Site "Bastia FRA"]
[Date "2012.10.27"]
[Round "2"]
[White "Guillemart, Serge"]
[Black "Battaglini, Gabriel"]
[Result "0-1"]
[BlackTitle "IM"]
[WhiteElo "1799"]
[BlackElo "2434"]
[WhiteFideId "26015579"]
[BlackFideId "621650"]
[EventDate "2012.10.27"]

1. Nf3 Nf6 2. g3 d5 3. Bg2 Bg4 4. O-O Nbd7 5. d3 e5 6. Nbd2 c6 7. h3 Bxf3 8.
Bxf3 Bc5 9. e4 O-O 10. c3 Qc7 11. b4 Bb6 12. a4 a5 13. Qb3 axb4 14. cxb4 Bd4 15.
Bb2 Bxb2 16. Qxb2 Qd6 17. Rfd1 Rfd8 18. Nf1 Nf8 19. Ne3 g6 20. Qb3 Ne6 21. Nc2
h5 22. h4 Rd7 23. exd5 cxd5 24. d4 e4 25. Bg2 Ng4 26. b5 Rc8 27. Ne3 Nxe3 28.
Qxe3 Rdc7 29. a5 Rc3 30. Qh6 e3 31. Ra2 exf2+ 32. Rxf2 Rxg3 33. Rdf1 Rc7 34. Qd2
Rg4 35. Qd3 Rxh4 36. Rf6 Qh2+ 37. Kf2 Rf4+ 38. Rxf4 Nxf4 39. Qf3 Rc2+ 40. Ke1
Qxg2 41. Qxg2 Nxg2+ 42. Kd1 Ne3+ 0-1

[Event "16th Corsica Masters"]
[Site "Bastia FRA"]
[Date "2012.10.27"]
[Round "2"]
[White "Gerandi, Guillaume"]
[Black "Short, Nigel D"]
[Result "0-1"]
[BlackTitle "GM"]
[WhiteElo "1872"]
[BlackElo "2707"]
[WhiteFideId "20648359"]
[BlackFideId "400025"]
[EventDate "2012.10.27"]

1. e4 e6 2. d4 d5 3. Nc3 Nf6 4. e5 Nfd7 5. f4 c5 6. Nf3 Nc6 7. Be3 Be7 8. Qd2
O-O 9. f5 cxd4 10. Bxd4 Nxd4 11. Qxd4 Qb6 12. O-O-O Qxd4 13. Rxd4 Nb8 14. g4 Nc6
15. Rd1 exf5 16. gxf5 Bxf5 17. Nxd5 Be4 18. Bg2 Rae8 19. Rhe1 Bf5 20. Nc7 Rc8
21. Nb5 Nb4 22. Nc3 Nxc2 23. Re2 Nb4 24. Kd2 Rfd8+ 25. Ke1 Nc2+ 26. Kf2 Rxd1 27.
Nxd1 b5 28. Rd2 h6 29. Kg1 Bc5+ 30. Kh1 Ne3 31. Nxe3 Bxe3 32. Re2 Rc1+ 33. Re1
Rxe1+ 34. Nxe1 Bd4 35. Bc6 Bxb2 36. Nf3 b4 37. Bd5 a5 38. Bb3 Be4 39. Kg2 Bxe5
40. h4 Bc6 41. Kf2 Bf6 42. h5 a4 43. Bc4 Kf8 44. Ke3 Ke7 45. Nd2 Bg5+ 46. Kd3
Bxd2 47. Kxd2 g5 48. Ke1 0-1

[Event "16th Corsica Masters"]
[Site "Bastia FRA"]
[Date "2012.10.27"]
[Round "2"]
[White "Dimitrov, Daniel1"]
[Black "Brkic, Ante"]
[Result "0-1"]
[BlackTitle "GM"]
[WhiteElo "1847"]
[BlackElo "2575"]
[WhiteFideId "2917351"]
[BlackFideId "14506688"]
[EventDate "2012.10.27"]

1. f4 d5 2. Nf3 g6 3. e3 Bg7 4. d4 c6 5. c4 Nh6 6. Bd3 O-O 7. Nc3 Bf5 8. O-O Na6
9. a3 c5 10. Bxf5 Nxf5 11. cxd5 cxd4 12. Nb5 Nxe3 13. Bxe3 dxe3 14. Ne5 Qb6 15.
Qe2 Rfd8 16. Rad1 Nc5 17. Ng4 Na4 18. b3 Nb2 19. Rb1 Rxd5 20. Kh1 Qxb5 21. Qxb5
Rxb5 22. b4 Nc4 23. a4 Rd5 24. Rfe1 Rd3 25. Re2 Rad8 26. h3 Rd1+ 27. Rxd1 Rxd1+
28. Kh2 Rd2 29. Re1 Bd4 30. Kg3 h5 31. Nh2 Rc2 32. Nf3 Bc3 33. Rd1 e2 34. Rd8+
Kg7 0-1

[Event "16th Corsica Masters"]
[Site "Bastia FRA"]
[Date "2012.10.27"]
[Round "3"]
[White "Angelov, Zvetomir"]
[Black "Vaisser, Anatoly"]
[Result "1/2-1/2"]
[BlackTitle "GM"]
[WhiteElo "2108"]
[BlackElo "2540"]
[WhiteFideId "2905353"]
[BlackFideId "603252"]
[EventDate "2012.10.27"]

1. c4 f5 2. Nc3 Nf6 3. g3 g6 4. Bg2 Bg7 5. Nf3 d6 6. d4 O-O 7. O-O c6 8. Rb1 Kh8
9. b4 Ne4 10. Qc2 Qe8 11. Rb3 Nxc3 12. Qxc3 e5 13. dxe5 dxe5 14. Bb2 Nd7 15. Ra3
Qe7 16. c5 e4 17. Qxg7+ Qxg7 18. Bxg7+ Kxg7 19. Nd4 Ne5 20. b5 cxb5 21. Nxb5 Bd7
22. Nd6 Bc6 23. f3 exf3 24. exf3 Nd7 25. Rc1 Rf6 26. f4 Bxg2 27. Kxg2 b6 28. Nb5
Nxc5 29. Rxa7+ Rxa7 30. Nxa7 Rd6 31. Rc2 h6 32. Nc8 Rc6 33. Nxb6 Rxb6 34. Rxc5
Rb2+ 35. Kg1 Rxa2 36. Rc7+ Kf8 37. Rh7 h5 38. h4 Ke8 39. Rg7 Ra6 40. Kf2 Kf8 41.
Rb7 Ra2+ 42. Ke3 Ra3+ 43. Kf2 Rd3 44. Kg2 Ke8 45. Rg7 Rd6 46. Kf3 Kf8 47. Rb7
Rd3+ 48. Kf2 Rc3 49. Ra7 Rc6 50. Ke3 Re6+ 51. Kf3 Rb6 52. Ke3 Rb3+ 53. Kf2 Rd3
54. Kg2 Rc3 1/2-1/2

[Event "16th Corsica Masters"]
[Site "Bastia FRA"]
[Date "2012.10.27"]
[Round "3"]
[White "Brkic, Ante"]
[Black "Podvin, Francois-xavier"]
[Result "1-0"]
[WhiteTitle "GM"]
[WhiteElo "2575"]
[BlackElo "2139"]
[WhiteFideId "14506688"]
[BlackFideId "677540"]
[EventDate "2012.10.27"]

1. e4 c5 2. d3 g6 3. f4 Bg7 4. Nf3 Nc6 5. Be2 d6 6. O-O e6 7. c3 Nge7 8. Be3 O-O
9. d4 cxd4 10. cxd4 d5 11. e5 Nf5 12. Bf2 h5 13. Na3 f6 14. exf6 Bxf6 15. Nc2 b6
16. Bd3 a5 17. a3 Qd6 18. Ne5 Bxe5 19. fxe5 Qe7 20. Qe2 Nb8 21. b4 Ba6 22. b5
Bb7 23. h3 Qg5 24. g4 hxg4 25. Qxg4 Qxg4+ 26. hxg4 Nh6 27. Bh4 Nd7 28. Bxg6 Nxg4
29. Be7 Rxf1+ 30. Rxf1 Ndxe5 31. dxe5 Nxe5 32. Bh5 Rc8 33. Nd4 Rc7 34. Rf8+ Kh7 1-0

[Event "16th Corsica Masters"]
[Site "Bastia FRA"]
[Date "2012.10.27"]
[Round "3"]
[White "Shchekachev, Andrei"]
[Black "Luciani, Thibault"]
[Result "1-0"]
[WhiteTitle "GM"]
[WhiteElo "2519"]
[BlackElo "2077"]
[WhiteFideId "4107730"]
[BlackFideId "657441"]
[EventDate "2012.10.27"]

1. Nf3 d5 2. d4 Nf6 3. c4 c6 4. Nc3 e6 5. Bg5 Nbd7 6. cxd5 cxd5 7. e3 a6 8. a4
Be7 9. Bd3 O-O 10. O-O b6 11. Qe2 Bb7 12. Rac1 Ne4 13. Bf4 Ndf6 14. Ne5 Nxc3 15.
Rxc3 Bd6 16. Bg5 h6 17. Bxf6 Qxf6 18. Nd7 Qh4 19. g3 Qh3 20. Nxf8 Kxf8 21. f4 f5
22. Qg2 Qg4 23. Qf3 Qxf3 24. Rxf3 a5 25. g4 g6 26. Rg3 g5 27. gxf5 gxf4 28. Rg6
fxe3 29. Rxh6 Bf4 30. Rxe6 Re8 31. Rxe8+ Kxe8 32. Kg2 Ke7 33. h4 Kf6 34. Kf3 Bh6
35. Rc7 Ba8 1-0

[Event "16th Corsica Masters"]
[Site "Bastia FRA"]
[Date "2012.10.27"]
[Round "3"]
[White "Battaglini, Gabriel"]
[Black "Battesti, Marc-Andria"]
[Result "1-0"]
[WhiteTitle "IM"]
[WhiteElo "2434"]
[BlackElo "2009"]
[WhiteFideId "621650"]
[BlackFideId "649520"]
[EventDate "2012.10.27"]

1. d4 Nf6 2. c4 c5 3. d5 b5 4. cxb5 a6 5. bxa6 Bxa6 6. Nc3 g6 7. e4 Bxf1 8. Kxf1
d6 9. Nf3 Bg7 10. g3 O-O 11. Kg2 Nbd7 12. a4 Qa5 13. Bd2 Qb4 14. Qe2 Ng4 15.
Rab1 Nge5 16. Nxe5 Nxe5 17. b3 f5 18. exf5 Rxf5 19. f4 Nd7 20. Nb5 1-0

[Event "16th Corsica Masters"]
[Site "Bastia FRA"]
[Date "2012.10.27"]
[Round "3"]
[White "Bleuzen, Erwan"]
[Black "Djuric, Stefan"]
[Result "0-1"]
[BlackTitle "GM"]
[WhiteElo "2027"]
[BlackElo "2445"]
[WhiteFideId "640387"]
[BlackFideId "900133"]
[EventDate "2012.10.27"]

1. d4 Nf6 2. Nf3 c5 3. g3 cxd4 4. Nxd4 Nc6 5. Bg2 Qb6 6. Nxc6 bxc6 7. O-O g6 8.
b3 Bg7 9. Bb2 h5 10. e4 d5 11. exd5 Bg4 12. Qd4 Qxd4 13. Bxd4 Rd8 14. Nc3 O-O
15. Bxa7 Nxd5 16. Nxd5 cxd5 17. Rae1 Rd7 18. Bc5 Rc8 19. b4 e5 20. f4 e4 21. c4
Bc3 22. Rc1 Bd2 23. Rc2 e3 24. Bxd5 Bf5 25. Rxd2 exd2 26. Rd1 Bd3 27. Rxd2 Bxc4
28. Bxf7+ Rxf7 29. a4 h4 30. Rd6 Kh7 31. Kg2 Rc6 32. Rd8 Be6 33. Kf3 Rd7 34.
Rxd7+ Bxd7 35. gxh4 Ra6 36. a5 Re6 37. Bd4 Bc6+ 38. Kg4 Rd6 39. Be5 Rd2 40. a6
Rg2+ 41. Kh3 Rg1 42. h5 Bd7+ 43. Kh4 Rg4+ 44. Kh3 Rxf4+ 45. Kg3 Rxb4 46. hxg6+
Kxg6 47. a7 Bc6 48. Bb8 Kf5 49. Kf2 Ke4 50. Kg3 Kf5 51. Kf2 Rb3 52. Bc7 Ke4 53.
Bb8 Ra3 54. Kg2 Rf3 55. Bg3 Kf5 56. Bb8 Kg4 57. Kg1 Kh3 58. Bc7 Bb5 0-1

[Event "16th Corsica Masters"]
[Site "Bastia FRA"]
[Date "2012.10.27"]
[Round "3"]
[White "Short, Nigel D"]
[Black "Orndahl, Mats"]
[Result "1-0"]
[WhiteTitle "GM"]
[WhiteElo "2707"]
[BlackElo "2159"]
[WhiteFideId "400025"]
[BlackFideId "1708988"]
[EventDate "2012.10.27"]

1. e4 e6 2. d4 d5 3. Nc3 Bb4 4. e5 b6 5. Nh3 Qd7 6. Nf4 Nc6 7. Be2 Bb7 8. O-O
O-O-O 9. a4 Na5 10. Na2 Bf8 11. Bd2 Nc6 12. Bc3 f6 13. a5 Nh6 14. Bb5 fxe5 15.
Nd3 exd4 16. Bxd4 Qd6 17. Bxc6 Bxc6 18. Nab4 Bb7 19. axb6 axb6 20. Ra7 Nf7 21.
Qa1 e5 22. Rxb7 exd4 23. Qa6 Kd7 24. Re1 Be7 25. Qb5+ Kc8 26. Ra7 Rhe8 27. Ra8+ 1-0

[Event "16th Corsica Masters"]
[Site "Bastia FRA"]
[Date "2012.10.27"]
[Round "3"]
[White "Geronimi, Pierre-Francois"]
[Black "Dimitrov, Radoslav"]
[Result "0-1"]
[BlackTitle "IM"]
[WhiteElo "2024"]
[BlackElo "2403"]
[WhiteFideId "655686"]
[BlackFideId "2908549"]
[EventDate "2012.10.27"]

1. e4 Nc6 2. Nf3 d5 3. exd5 Qxd5 4. Be2 e5 5. d3 Nf6 6. O-O Be7 7. Nc3 Qd8 8.
Re1 O-O 9. Bg5 Bg4 10. h3 Bh5 11. Nxe5 Bxe2 12. Qxe2 Nd4 13. Qd2 c6 14. Be3 Ne6
15. Re2 Bb4 16. a3 Ba5 17. Nc4 Bc7 18. Qe1 b5 19. Nd2 Re8 20. Nce4 Nd5 21. g3 f5
22. Nc5 Nxc5 23. Bxc5 Qd7 24. Nf3 f4 25. g4 h5 26. Rxe8+ Rxe8 27. Qf1 hxg4 28.
hxg4 Qxg4+ 29. Qg2 Qh5 30. Bd4 Re7 31. Kf1 c5 32. Bc3 Nxc3 33. bxc3 Re6 34. Re1
Rg6 35. Re8+ Kf7 36. Rc8 Rxg2 37. Rxc7+ Kg8 38. Kxg2 Qg4+ 39. Kf1 Qxf3 40. Rxa7
Qd1+ 41. Kg2 Qxc2 42. d4 Qe4+ 43. Kg1 f3 44. dxc5 Qe1+ 0-1

[Event "16th Corsica Masters"]
[Site "Bastia FRA"]
[Date "2012.10.27"]
[Round "4"]
[White "Massoni, Michael"]
[Black "Short, Nigel D"]
[Result "1/2-1/2"]
[WhiteTitle "FM"]
[BlackTitle "GM"]
[WhiteElo "2381"]
[BlackElo "2707"]
[WhiteFideId "654213"]
[BlackFideId "400025"]
[EventDate "2012.10.27"]

1. e4 e6 2. Nc3 d5 3. Nf3 Nf6 4. e5 Nfd7 5. d4 a6 6. a3 c5 7. dxc5 Nc6 8. Bf4
Bxc5 9. Bd3 f6 10. exf6 Qxf6 11. Bg3 O-O 12. O-O b5 13. Qe2 Nd4 14. Nxd4 Bxd4
15. Rae1 Nc5 16. Bd6 Rd8 17. Nxd5 exd5 18. Be7 Qb6 19. Bxd8 Qxd8 20. Bxh7+ Kf8
21. Bg6 Ne6 22. Qh5 Ke7 23. Rd1 Qb6 24. c3 Bf6 25. Qxd5 Ra7 26. Qe4 Rc7 27. Rfe1
Rc4 28. Qe2 Rc5 29. Be4 Re5 30. Rd5 Qc7 31. Rxe5 Qxe5 32. Bc2 Qxe2 33. Rxe2 Kd6
34. g3 Nc5 35. Rd2+ Kc6 36. Kg2 Be6 37. f3 a5 38. g4 g5 39. Bd1 a4 40. Bc2 Be5
41. Bg6 Bf4 42. Rd8 Bc1 43. Be8+ Kc7 44. Rd1 Bxb2 45. Bxb5 Bb3 46. Re1 Bxa3 47.
Re5 Kb6 48. Bxa4 Nxa4 49. Rxg5 Nxc3 50. h4 Nd5 51. h5 Bc1 52. Rg6+ Kc5 53. Rg7
Kd4 54. Kg3 Bf4+ 55. Kf2 Nf6 56. Rb7 Bd5 57. Rb6 Ke5 58. Ra6 Be6 59. Ra5+ Nd5
60. Ra8 Kf6 61. Rf8+ Bf7 62. Ra8 Nc7 63. Ra4 Ne6 64. Ra6 Be8 65. Ra5 Bd7 66. Rd5
Bc6 67. Ra5 Nd4 68. Ra6 Kg5 69. Ra7 Nxf3 70. Rg7+ Kh4 71. h6 Bxh6 72. Rg6 Be4
73. Rxh6+ Kxg4 1/2-1/2

[Event "16th Corsica Masters"]
[Site "Bastia FRA"]
[Date "2012.10.27"]
[Round "4"]
[White "Dimitrov, Pavel"]
[Black "Brkic, Ante"]
[Result "1-0"]
[WhiteTitle "IM"]
[BlackTitle "GM"]
[WhiteElo "2321"]
[BlackElo "2575"]
[WhiteFideId "2907470"]
[BlackFideId "14506688"]
[EventDate "2012.10.27"]

1. e4 e5 2. d4 exd4 3. c3 d3 4. Bxd3 Nc6 5. Nf3 g6 6. O-O Bg7 7. Bc4 Nge7 8. Bf4
d6 9. Nbd2 O-O 10. Re1 h6 11. h3 Be6 12. a4 Qd7 13. Qe2 Rae8 14. Rad1 d5 15. Nb3
Qc8 16. exd5 Nxd5 17. Qd2 Rd8 18. Qc1 Nxf4 19. Qxf4 g5 20. Rxd8 Qxd8 21. Qe4 Bc8
22. Nc5 Qd6 23. Qd5 Qxd5 24. Bxd5 Nd8 25. Re7 c6 26. Bb3 Bf6 27. Rc7 Bf5 28. Nd7
Bxd7 29. Rxd7 Re8 30. Kf1 Kg7 31. g4 Re4 32. Nd4 Bxd4 33. cxd4 Re8 34. d5 c5 35.
d6 Kf6 36. Bd5 b6 37. Rxa7 Ke5 38. Re7+ 1-0

[Event "16th Corsica Masters"]
[Site "Bastia FRA"]
[Date "2012.10.27"]
[Round "4"]
[White "Djuric, Stefan"]
[Black "Pesotskyi, Vitalii"]
[Result "1-0"]
[WhiteTitle "GM"]
[BlackTitle "IM"]
[WhiteElo "2445"]
[BlackElo "2283"]
[WhiteFideId "900133"]
[BlackFideId "14101157"]
[EventDate "2012.10.27"]

1. d4 Nf6 2. Nf3 g6 3. g3 Bg7 4. Bg2 O-O 5. O-O d6 6. Re1 c6 7. e4 Bg4 8. h3
Bxf3 9. Bxf3 e5 10. c3 Nbd7 11. Na3 b5 12. Nc2 Qc7 13. a4 a6 14. Bg5 h6 15. Bd2
Kh7 16. h4 Nb6 17. axb5 axb5 18. Rxa8 Rxa8 19. h5 c5 20. b3 Ra2 21. dxe5 dxe5
22. hxg6+ fxg6 23. Be3 Rb2 24. Na3 Qc6 25. Re2 Rxe2 26. Qxe2 b4 27. cxb4 cxb4
28. Nc2 Bf8 29. Qd2 Nfd7 30. Nxb4 Qb5 31. Nd5 Qxb3 32. Nxb6 Nxb6 33. Qd8 Nc4 34.
Qxf8 Nxe3 35. fxe3 Qxe3+ 36. Kg2 Qd2+ 37. Kh3 Qd7+ 38. Bg4 Qc7 39. Be6 Qg7 40.
Qd8 h5 41. Kh4 Kh6 42. Qg5+ Kh7 43. Qd8 Kh6 44. g4 hxg4 45. Kxg4 Kh7 46. Qh4+
Qh6 47. Qxh6+ Kxh6 48. Bd5 Kh7 49. Kg5 Kg7 50. Bc4 1-0